00766nam a2200241Ia 4500003000400000005001700004008004100021020002200062040000700084041000800091082001600099100003100115245003900146260003300185300001600218365001400234650002900248650003700277906004300314942001200357999001900369952013600388OSt20230517144546.0210423s2014 xx 000 0 und d a978-93-83101-55-9 cAL aeng a615.19 ANSI aANSLEY (Barneston)9107006 aInorganic pharmaceutical chemistry aJaipurbAGROTECH PRESSc2014 avii,272bHB b1925cINR aMedical Sciences9107007 aPharmaceutical Chemistry9107008 achemistry ; Inorganic ; pharmaceutical 2ddccBK c167636d167636 001040708GCaSACPGbSACPGd2016-04-29eKiran Book Centreg1925.00l0o615.19 ANSIpPG014137r2022-08-24 00:00:00w2021-04-26yBK